00431 2200157 4500001002100000008004100021035002000062245006100082100001700143260003200160300002500192020001800217084001600235082001000251990001200261INLIS000000000001352 Ind  a0010-1024000483 aTEKNIK SAMPLING UNTUK SURVEI DAN EKSPERIMENcJ. Supranto aSupranto, J. aJakartabRineka Ciptac1992 a335 halamanc20,5 cm a979-518-314-1 a610.7 SUP t a610.7 a0001816